Loading...

COMPETITION SUCCESS review State bank probationary officer's exam /

Bibliographic Details
Format: Printed Book
Language:Undetermined
Published: New Delhi : Competition Review Pvt Ltd , 2009.
Subjects:
LEADER 00522nam a2200133Ia 4500
001 159807
008 170722s9999 xx 000 0 und d
245 |a COMPETITION SUCCESS review  |b State bank probationary officer's exam / 
260 |a New Delhi :  |b Competition Review Pvt Ltd ,  |c 2009. 
653 |a Competitive Exam Guide 
923 |d 20081122  |n V377 
942 |c REF 
999 |c 139388  |d 139388 
952 |0 0  |1 0  |4 0  |6 Z_0BT55_P910R  |7 0  |8 R  |9 196930  |a LIB  |b LIB  |d 2013-03-25  |e Prabhus Books  |o z0bT:5,5 P910(R)  |p 271436  |r 2017-08-12  |v 240.00  |w 2017-08-12  |y REF